| 000 | 01170nam a2200313 i 4500 | ||
|---|---|---|---|
| 003 | DO-SdBNP | ||
| 005 | 20231006105141.0 | ||
| 006 | a||||gr|||| 00| 0 | ||
| 007 | ta | ||
| 008 | 231006e2012 gt ||||| |||| 00| 1 spa d | ||
| 020 | _a9789929552630 | ||
| 040 |
_aDO-SdBNP _bspa _cBNPHU _erda |
||
| 082 | 1 |
_222 _bA859L, |
|
| 100 | 1 |
_4Asturias, Miguel Ángel, _d1899-1974 _984408 |
|
| 245 | 1 | 0 |
_aLeyendas de Guatemala. / _cMiguel Ángel Asturias ; cuidado de la edición, José Luis Perdomo Orellana y Raúl figueroa Sarti |
| 264 |
_aGuatemala : _bF&G, _c2012 |
||
| 300 |
_a135 páginas ; _c20 cm |
||
| 336 |
_2rdacontent _atexto _btxt |
||
| 337 |
_2rdamedia _asin mediación _bn |
||
| 338 |
_2rdacarrier _avolumen _bnc |
||
| 490 |
_aBiblioteca Miguel Ángel Asturias ; _v3 |
||
| 500 | _aIncluye datos biográficos del autor en las solapas de las cubiertas. | ||
| 500 | _aIlustración de portada La Tatuana. Óleo sobre lino, 40.60 x 50.80 cm. 2011 | ||
| 586 | _aPremio Nobel de Literatura, 1967. | ||
| 590 | _aInventariado 2023 / MF | ||
| 700 | 1 |
_aPerdomo Orellana, José Luis _969116 _eeditor |
|
| 700 | 1 |
_aFigueroa Sarti, Raúl _984406 _eeditor |
|
| 942 |
_2ddc _cLBS1 |
||
| 999 |
_c55102 _d55102 |
||